000 00222 a2200097 4500
245 _aThe subtle knife
_hText
020 _a9780440238140
100 _aPhillip Pullman
005 20191021095721.0
260 _aNew York
_blaurel lea
_c1997
084 _aNONE
999 _c12590
_d12590